000 00579cam a22002411 4500
001 sa 63004511
003 DLC
005 20260227111949.0
008 890621s1961 ii 000 0 urdr
010 _asa 63004511
035 _a(OCoLC)19906594
040 _aDLC
_cWaU
_dDLC
042 _apremarc
050 0 0 _aPK2184
_b.S7
100 1 _aSrīvāstav, Shītlā Sahāʼe.
245 1 0 _aGulhāʼe shiguftah.
260 _c[1961]
300 _a256 p.
_c18 cm.
500 _aIn Urdu.
500 _aPoems.
500 _aText partially vocalized.
650 0 _aUrdu poetry.
999 _c55691
_d55691